|
|
|
|
| LEADER |
00000nab a2200000 ar4500 |
| 001 |
vtls011722291 |
| 003 |
SK-MaSNL |
| 005 |
20260303082955.0 |
| 008 |
171123c 2016xo mr|p|||||||000 b|slo |
| 038 |
|
|
|a SNSK
|
| 040 |
|
|
|b slo
|c SNSK
|e AACR2
|
| 041 |
|
|
|a slo
|
| 044 |
|
|
|a xo
|c SK
|
| 080 |
|
|
|a 351.758.2
|x "2016"
|2 2011
|
| 245 |
0 |
0 |
|a 61. Spišský trh
|b 14.-17. júl 2016
|
| 300 |
|
|
|b Obr.
|
| 611 |
2 |
7 |
|a Spišské výstavné trhy
|n (61. :
|d 2016 :
|c Spišská Nová Ves, Slovensko)
|2 snsk
|9 1088772
|
| 650 |
0 |
7 |
|a kultúrne programy
|2 snsk
|9 546960
|
| 650 |
0 |
7 |
|a program
|2 snsk
|9 873327
|
| 651 |
|
7 |
|a Spišská Nová Ves (Slovensko)
|2 snsk
|9 28800
|
| 773 |
0 |
|
|t Ičko. Informátor : kultúrno-spoločenský mesačník mesta Spišská Nová Ves
|g Č. 7 (2016), s. 9
|x 1339-049X
|
| 852 |
|
|
|a SNSK
|b KIS3GCP
|
| 856 |
4 |
1 |
|u http://www.spisskanovaves.eu/fileadmin/snv/user_upload/editor/editor1/dokumenty/Icko/2016/Icko_07_2016_web.pdf
|
| 999 |
|
|
|c 1789849
|d 1791779
|